Statistics for Countries, US States, Capitals by First Two Letters in Five Minutes

Click here to take the quiz!

General Stats

  • This quiz has been taken 160 times
  • The average score is 434 of 496

Answers on the Map

Answers color-coded by a green-red scale on the quiz's map according to % correct below.
 

Answer Stats

typeanswer% Correct
World CapitalCairo
99%
US StateCalifornia
99%
CountryCambodia
99%
CountryCameroon
99%
CountryCanada
99%
World CapitalCanberra
99%
World CapitalCape Town
99%
CountryCape Verde
99%
World CapitalCaracas
99%
US State CapitalCarson City
99%
World CapitalCastries
99%
CountryArgentina
97%
US StateArizona
97%
US StateArkansas
97%
CountryArmenia
97%
World CapitalBrasilia
97%
World CapitalBratislava
97%
CountryBrazil
97%
World CapitalBrazzaville
97%
World CapitalBridgetown
97%
CountryBrunei
97%
World CapitalBrussels
97%
CountryChad
97%
US State CapitalCharleston
97%
US State CapitalCheyenne
97%
CountryChile
97%
CountryChina
97%
World CapitalChisinau
97%
CountryMexico
97%
World CapitalMexico City
97%
CountryPakistan
97%
CountryPalau
97%
World CapitalPalikir
97%
CountryPanama
97%
World CapitalPanama City
97%
CountryPapua New Guinea
97%
CountryParaguay
97%
World CapitalParamaribo
97%
World CapitalParis
97%
US StatePennsylvania
97%
CountryPeru
97%
CountryRussia
97%
US StateAlabama
96%
US StateAlaska
96%
CountryAlbania
96%
US State CapitalAlbany
96%
CountryAlgeria
96%
World CapitalAlgiers
96%
US State CapitalAugusta
96%
US State CapitalAustin
96%
CountryAustralia
96%
CountryAustria
96%
US StateDelaware
96%
CountryDem. R. Congo
96%
CountryDenmark
96%
US State CapitalDenver
96%
US State CapitalDes Moines
96%
CountryLiberia
96%
World CapitalLibreville
96%
CountryLibya
96%
CountryLiechtenstein
96%
World CapitalLilongwe
96%
World CapitalLima
96%
US State CapitalLincoln
96%
World CapitalLisbon
96%
CountryLithuania
96%
US State CapitalLittle Rock
96%
CountryMadagascar
96%
US State CapitalMadison
96%
World CapitalMadrid
96%
US StateMaine
96%
World CapitalMajuro
96%
World CapitalMalabo
96%
CountryMalawi
96%
CountryMalaysia
96%
CountryMaldives
96%
World CapitalMale
96%
CountryMali
96%
CountryMalta
96%
World CapitalManagua
96%
World CapitalManama
96%
World CapitalManila
96%
World CapitalMaputo
96%
CountryMarshall Islands
96%
US StateMaryland
96%
World CapitalMaseru
96%
US StateMassachusetts
96%
CountryMauritania
96%
CountryMauritius
96%
World CapitalMogadishu
96%
CountryMoldova
96%
Country | World CapitalMonaco
96%
CountryMongolia
96%
World CapitalMonrovia
96%
US StateMontana
96%
CountryMontenegro
96%
World CapitalMontevideo
96%
US State CapitalMontgomery
96%
US State CapitalMontpelier
96%
CountryMorocco
96%
World CapitalMoroni
96%
World CapitalMoscow
96%
CountryMozambique
96%
US StateNorth Carolina
96%
US StateNorth Dakota
96%
CountryNorth Korea
96%
CountryNorth Macedonia
96%
CountryNorway
96%
World CapitalNouakchott
96%
World CapitalSofia
96%
CountrySolomon Islands
96%
CountrySomalia
96%
CountrySouth Africa
96%
US StateSouth Carolina
96%
US StateSouth Dakota
96%
CountrySouth Korea
96%
CountrySouth Sudan
96%
World CapitalSouth Tarawa
96%
World CapitalBogota
95%
US State CapitalBoise
95%
CountryBolivia
95%
CountryBosnia and
Herzegovina
95%
US State CapitalBoston
95%
CountryBotswana
95%
CountryColombia
95%
US StateColorado
95%
US State CapitalColumbia
95%
US State CapitalColumbus
95%
CountryComoros
95%
World CapitalConakry
95%
US State CapitalConcord
95%
US StateConnecticut
95%
World CapitalCopenhagen
95%
CountryCosta Rica
95%
World CapitalCotonou
95%
World CapitalGeorgetown
95%
Country | US StateGeorgia
95%
CountryGermany
95%
CountryIndia
95%
US StateIndiana
95%
US State CapitalIndianapolis
95%
CountryIndonesia
95%
CountryIran
95%
CountryIraq
95%
CountryIreland
95%
US State CapitalLansing
95%
CountryLaos
95%
World CapitalLa Paz
95%
CountryLatvia
95%
World CapitalNairobi
95%
CountryNamibia
95%
US State CapitalNashville
95%
World CapitalNassau
95%
CountryNauru
95%
World CapitalNaypyidaw
95%
US StateNebraska
95%
CountryNepal
95%
CountryNetherlands
95%
US StateNevada
95%
World CapitalNew Delhi
95%
US StateNew Hampshire
95%
US StateNew Jersey
95%
US StateNew Mexico
95%
US StateNew York
95%
CountryNew Zealand
95%
World CapitalPodgorica
95%
CountryPoland
95%
World CapitalPort-au-Prince
95%
World CapitalPort Louis
95%
World CapitalPort Moresby
95%
World CapitalPort-of-Spain
95%
World CapitalPorto-Novo
95%
CountryPortugal
95%
World CapitalPort-Vila
95%
US State CapitalSacramento
95%
World CapitalSaint George's
95%
World CapitalSaint John's
95%
CountrySaint Kitts and Nevis
95%
CountrySaint Lucia
95%
US State CapitalSaint Paul
95%
CountrySaint Vincent and the
Grenadines
95%
US State CapitalSalem
95%
US State CapitalSalt Lake City
95%
CountrySamoa
95%
World CapitalSana'a
95%
World CapitalSan Jose
95%
Country | World CapitalSan Marino
95%
World CapitalSan Salvador
95%
US State CapitalSanta Fe
95%
World CapitalSantiago
95%
World CapitalSanto Domingo
95%
World CapitalSao Tome
95%
CountrySão Tomé and Príncipe
95%
World CapitalSarajevo
95%
CountrySaudi Arabia
95%
CountrySpain
95%
US State CapitalSpringfield
95%
World CapitalSri J. Kotte
95%
World CapitalTaipei
95%
CountryTaiwan
95%
CountryTajikistan
95%
US State CapitalTallahassee
95%
World CapitalTallinn
95%
CountryTanzania
95%
World CapitalTashkent
95%
World CapitalTegucigalpa
95%
World CapitalTehran
95%
US StateTennessee
95%
US StateTexas
95%
CountryUkraine
95%
CountryFiji
94%
CountryFinland
94%
CountryFrance
94%
US State CapitalFrankfort
94%
World CapitalFreetown
94%
World CapitalKabul
94%
World CapitalKampala
94%
US StateKansas
94%
World CapitalKathmandu
94%
CountryKazakhstan
94%
US StateKentucky
94%
CountryKenya
94%
World CapitalLome
94%
World CapitalLondon
94%
US StateLouisiana
94%
US StateMichigan
94%
US StateMinnesota
94%
World CapitalMinsk
94%
US StateMississippi
94%
US StateMissouri
94%
CountrySwaziland
94%
CountrySweden
94%
CountrySwitzerland
94%
CountryUnited Arab Emirates
94%
CountryUnited Kingdom
94%
CountryUnited States
94%
CountryVenezuela
94%
US StateVermont
94%
CountryAndorra
92%
World CapitalAndorra la Vella
92%
CountryAngola
92%
World CapitalAnkara
92%
US State CapitalAnnapolis
92%
World CapitalAntananarivo
92%
CountryAntigua and Barbuda
92%
World CapitalBaghdad
92%
CountryBahamas
92%
CountryBahrain
92%
World CapitalBaku
92%
World CapitalBamako
92%
World CapitalBandar Seri Begawan
92%
World CapitalBangkok
92%
CountryBangladesh
92%
World CapitalBangui
92%
World CapitalBanjul
92%
CountryBarbados
92%
World CapitalBasseterre
92%
US State CapitalBaton Rouge
92%
World CapitalBeijing
92%
World CapitalBeirut
92%
CountryBelarus
92%
CountryBelgium
92%
World CapitalBelgrade
92%
CountryBelize
92%
World CapitalBelmopan
92%
CountryBenin
92%
World CapitalBerlin
92%
World CapitalBern
92%
CountryEgypt
92%
CountryIceland
92%
US State CapitalJackson
92%
World CapitalJakarta
92%
CountryJamaica
92%
CountryJapan
92%
World CapitalTunis
92%
CountryTunisia
92%
CountryTurkey
92%
CountryTurkmenistan
92%
CountryTuvalu
92%
World CapitalVictoria
92%
World CapitalVienna
92%
World CapitalVientiane
92%
CountryVietnam
92%
World CapitalVilnius
92%
US StateVirginia
92%
World CapitalBucharest
91%
World CapitalBudapest
91%
World CapitalBuenos Aires
91%
CountryBulgaria
91%
CountryBurkina Faso
91%
CountryBurundi
91%
World CapitalDublin
91%
World CapitalDushanbe
91%
US StateFlorida
91%
CountryGuatemala
91%
World CapitalGuatemala City
91%
CountryGuinea
91%
CountryGuinea-Bissau
91%
CountryGuyana
91%
World CapitalNiamey
91%
CountryNicaragua
91%
World CapitalNicosia
91%
CountryNiger
91%
CountryNigeria
91%
CountryRomania
91%
World CapitalRome
91%
World CapitalRoseau
91%
CountryThailand
91%
World CapitalThimphu
91%
World CapitalWarsaw
91%
US State | World CapitalWashington
91%
CountryHaiti
90%
World CapitalHanoi
90%
World CapitalHarare
90%
US State CapitalHarrisburg
90%
US State CapitalHartford
90%
World CapitalHavana
90%
US StateHawaii
90%
CountryOman
90%
CountrySenegal
90%
World CapitalSeoul
90%
CountrySerbia
90%
CountrySeychelles
90%
CountryTogo
90%
World CapitalTokyo
90%
CountryTonga
90%
US State CapitalTopeka
90%
CountryAfghanistan
88%
CountryGreece
88%
CountryGrenada
88%
CountryItaly
88%
CountryJordan
88%
CountryPhilippines
88%
World CapitalPhnom Penh
88%
US State CapitalPhoenix
88%
World CapitalSucre
88%
CountrySudan
88%
CountrySuriname
88%
World CapitalSuva
88%
CountryYemen
88%
World CapitalYerevan
88%
CountryRep. of the Congo
87%
World CapitalReykjavik
87%
CountrySyria
87%
World CapitalZagreb
87%
CountryZambia
87%
CountryCuba
86%
CountryHonduras
86%
World CapitalHoniara
86%
US State CapitalHonolulu
86%
CountryMyanmar
86%
US StateOregon
86%
CountryEcuador
85%
US State CapitalHelena
85%
World CapitalHelsinki
85%
World CapitalKyiv
85%
CountryKyrgyzstan
85%
CountryUruguay
85%
World CapitalVaduz
85%
World CapitalValletta
85%
CountryVanuatu
85%
Country | World CapitalVatican City
85%
World CapitalAthens
83%
US State CapitalAtlanta
83%
CountryEthiopia
83%
US StateIdaho
83%
US StateIllinois
83%
World CapitalKigali
83%
World CapitalKingston
83%
World CapitalKingstown
83%
World CapitalKinshasa
83%
CountryKiribati
83%
World CapitalOslo
83%
US State CapitalRichmond
83%
World CapitalRiga
83%
World CapitalRiyadh
83%
World CapitalStockholm
83%
World CapitalWindhoek
83%
US StateWisconsin
83%
US StateWyoming
83%
CountryEstonia
82%
World CapitalLuanda
82%
World CapitalLusaka
82%
Country | World CapitalLuxembourg
82%
World CapitalAmman
81%
World CapitalAmsterdam
81%
CountryGhana
81%
CountrySlovakia
81%
CountrySlovenia
81%
US StateUtah
81%
CountryUzbekistan
81%
World CapitalWellington
81%
US StateWest Virginia
81%
CountryAzerbaijan
79%
World CapitalDodoma
79%
World CapitalDoha
79%
CountryDominica
79%
CountryDominican Republic
79%
US State CapitalDover
79%
US StateIowa
79%
World CapitalIslamabad
79%
CountryIsrael
79%
Country | World CapitalDjibouti
78%
CountryGabon
78%
World CapitalGaborone
78%
CountryGambia
78%
World CapitalKuala Lumpur
78%
CountryKuwait
78%
World CapitalKuwait City
78%
US StateOhio
78%
CountrySierra Leone
78%
Country | World CapitalSingapore
78%
CountryCzechia
77%
World CapitalRabat
77%
US State CapitalRaleigh
77%
US State CapitalTrenton
77%
CountryTrinidad and Tobago
77%
World CapitalTripoli
77%
CountryZimbabwe
77%
CountryCentral African
Republic
76%
CountryHungary
76%
CountryIvory Coast
76%
World CapitalPrague
76%
World CapitalPraia
76%
World CapitalPretoria
76%
World CapitalPristina
76%
US State CapitalProvidence
76%
US State CapitalJefferson City
74%
World CapitalJerusalem
74%
World CapitalOttawa
74%
World CapitalAshgabat
73%
World CapitalAsmara
73%
World CapitalAstana
73%
World CapitalAsuncion
73%
World CapitalDakar
73%
World CapitalDamascus
73%
CountryEritrea
73%
CountryCroatia
72%
CountryLebanon
71%
CountryLesotho
71%
US StateOklahoma
71%
US State CapitalOklahoma City
71%
CountryUganda
71%
World CapitalAbu Dhabi
69%
World CapitalAbuja
69%
World CapitalQuito
69%
World CapitalBishkek
65%
US State CapitalBismarck
65%
World CapitalBissau
65%
World CapitalMuscat
64%
CountrySri Lanka
64%
World CapitalDhaka
62%
World CapitalJuba
62%
US State CapitalJuneau
62%
World CapitalPyongyang
62%
CountryRwanda
60%
World CapitalTirana
60%
World CapitalAddis Ababa
59%
World CapitalLjubljana
59%
World CapitalUlaanbaatar
59%
CountryEquatorial Guinea
56%
World CapitalDili
55%
CountryFederated States of
Micronesia
55%
US State CapitalPierre
55%
World CapitalKhartoum
54%
CountryQatar
54%
World CapitalSkopje
54%
World CapitalTbilisi
54%
World CapitalAccra
53%
US State CapitalOlympia
53%
CountryCyprus
50%
CountryKosovo
50%
CountryBhutan
49%
World CapitalOuagadougou
49%
World CapitalYamoussoukro
47%
World CapitalYaounde
47%
World CapitalYaren
47%
CountryEast Timor
45%
US StateRhode Island
44%
World CapitalApia
42%
World CapitalNgerulmud
42%
World CapitalBloemfontein
41%
World CapitalFunafuti
41%
World CapitalN'Djamena
41%
World CapitalNukuʻalofa
38%
World CapitalGitega
36%
World CapitalMbabane
36%
CountryEl Salvador
33%

Score Distribution

Percentile by Number Answered

Percent of People with Each Score

Your Score History

You have not taken this quiz